| 000 | 00592nam a2200169 a 4500 | ||
|---|---|---|---|
| 001 | 000044913 | ||
| 005 | 20201002045727.0 | ||
| 008 | 150119s199u dr bc 000 0 spa d | ||
| 020 | _a130040397 | ||
| 040 |
_aDO-SdBNP _bspa _cBNPHU |
||
| 041 | 1 | 7 |
_aspa _beng |
| 100 | 1 |
_aMiura, Ivan _957566 |
|
| 245 | 1 | 0 |
_aDominican Republic. : _bRepública Dominicana. Republique Dominicaine. Dominicanische Republik / _cIvan Miura; fotografías Tiziano de Estefano. |
| 260 |
_aSanto Domingo : _bDiscovery, _c[199u]. |
||
| 300 |
_a18 p. : _bmapa, retrs. ; _c28 cm. |
||
| 700 | 1 |
_aEstefano, Tiziano de _efot. _972929 |
|
| 999 |
_c44402 _d44402 |
||